Construction of caste as an administrative episteme: a case of neglected materiality (Record no. 521347)

000 -LEADER
fixed length control field 01356nam a22001577a 4500
008 - FIXED-LENGTH DATA ELEMENTS--GENERAL INFORMATION
fixed length control field 230127b ||||| |||| 00| 0 eng d
100 ## - MAIN ENTRY--PERSONAL NAME
Personal name Juneja, Abhishek and Mahmood, Amir
245 ## - TITLE STATEMENT
Title Construction of caste as an administrative episteme: a case of neglected materiality
260 ## - PUBLICATION, DISTRIBUTION, ETC. (IMPRINT)
Place of publication, distribution, etc Bihar Journal of Public Administration
300 ## - PHYSICAL DESCRIPTION
Extent 19(1), Jan-Jun, 2022: p.103-113
520 ## - SUMMARY, ETC.
Summary, etc This study attempts to unpack the existing frameworks in which caste is studied in the political sphere. Contrary to the popular notion that administrative categories that populate the census data and eventually welfare policies are based on objective truths, and that knowledge disseminated by means of formal education and vernacular press are value neutral, the fact is that the centralization of colonial state in early 18th century gave contemporary India its present epistemic distinctiveness and political anatomy. The process of enumeration in the census was principled on a religious and ideological reading of caste. In emptying caste of its economic character, colonial laws remolded the primary material verities into metrics of governance. – Reproduced
650 ## - SUBJECT ADDED ENTRY--TOPICAL TERM
Topical term or geographic name as entry element Caste, Administrative categories, Materiality, Politicization of caste, FPTP.
9 (RLIN) 35083
773 ## - HOST ITEM ENTRY
Main entry heading Bihar Journal of Public Administrati
906 ## - LOCAL DATA ELEMENT F, LDF (RLIN)
Subject DIP CASTES
942 ## - ADDED ENTRY ELEMENTS (KOHA)
Item type Articles
Holdings
Withdrawn status Lost status Source of classification or shelving scheme Damaged status Not for loan Permanent location Current location Date acquired Serial Enumeration / chronology Barcode Date last seen Koha item type
          Indian Institute of Public Administration Indian Institute of Public Administration 2023-01-27 19(1), Jan-Jun, 2022: p.103-113 AR127869 2023-01-27 Articles

Powered by Koha